Space vehicle mechanisms (Record no. 14070)

MARC details
000 -LEADER
fixed length control field 00704nam a2200193Ia 4500
003 - CONTROL NUMBER IDENTIFIER
control field IN-BaIIA
008 - FIXED-LENGTH DATA ELEMENTS--GENERAL INFORMATION
fixed length control field 211028s9999 xx 000 0 eng d
020 ## - INTERNATIONAL STANDARD BOOK NUMBER
International Standard Book Number 0-471-12141-X
040 ## - CATALOGING SOURCE
Transcribing agency IIA Library
080 ## - UNIVERSAL DECIMAL CLASSIFICATION NUMBER
Universal Decimal Classification number 629.19
Item number SPA
245 #0 - TITLE STATEMENT
Title Space vehicle mechanisms
Remainder of title elements of successful design
Statement of responsibility, etc. edited by P. L. Conley
260 ## - PUBLICATION, DISTRIBUTION, ETC.
Place of publication, distribution, etc. New York
Name of publisher, distributor, etc. John Wiley & Sons
Date of publication, distribution, etc. 1998
300 ## - PHYSICAL DESCRIPTION
Extent xvi, 794 p.
650 ## - SUBJECT ADDED ENTRY--TOPICAL TERM
Topical term or geographic name entry element Mechanical engineering
9 (RLIN) 667
650 ## - SUBJECT ADDED ENTRY--TOPICAL TERM
Topical term or geographic name entry element Space vehicle - design and construction
9 (RLIN) 24729
650 ## - SUBJECT ADDED ENTRY--TOPICAL TERM
Topical term or geographic name entry element Space vehicle - equipment and supplies
9 (RLIN) 24730
700 ## - ADDED ENTRY--PERSONAL NAME
Personal name Conley, P. L., ed.
9 (RLIN) 24731
942 ## - ADDED ENTRY ELEMENTS (KOHA)
Koha item type Books
Holdings
Withdrawn status Lost status Damaged status Not for loan Home library Current library Shelving location Date acquired Total Checkouts Full call number Barcode Date last seen Date last checked out Price effective from Koha item type
        IIA Library-Bangalore IIA Library-Bangalore General Stacks   1 629.19/ SPA 14990 07/04/2025 12/07/2023   Books

Powered by Koha